Riconosci l'Anno dagli eventi - Quiz n°5 - Statistics

Statistiche generali
  • Questo quiz è stato fatto 74 volte
    68 dall'ultimo reset
  • Il punteggio medio è 14 su 15
Statistiche sulle risposte
Indizio Risposta % Corretto
A A Palermo si abbatte un violento nubifragio.
100%
B L'Autocromia dei Fratelli Lumière, è il primo processo fotografico a colori commerciali.
100%
C Ungheria: viene pubblicato il romanzo I ragazzi della via Pál.
98%
D 6 gennaio – Italia: a Roma Maria Montessori apre la sua prima scuola.
97%
F 15 marzo: la Finlandia divenne il secondo Paese al mondo a concedere il diritto di voto alle donne.
93%
N 17 ottobre: a Bergamo nasce l'Atalanta Bergamasca Calcio
93%
E 22 febbraio – Londra: entrano in funzione i primi taxi con tassametro.
93%
L 22 settembre: il piroscafo Principessa Jolanda affonda durante il varo.
93%
M 23 settembre: si apre a Pistoia la prima Settimana Sociale dei Cattolici Italiani.
93%
O 24 ottobre: Crack della borsa valori della New York Stock Exchange
93%
P Seconda Conferenza dell'Aia
93%
H 10 agosto: l'equipaggio italiano guidato da Scipione Borghese e Ettore Guizzardi vince il Raid Pechino-Parigi.
92%
G 20 luglio – Como: fondazione del F.C. Como, decisa da un comitato di soci con sede presso il bar Taroni, di via 5 Giornate.
92%
I 31 agosto – San Pietroburgo, Russia: viene firmato l'Accordo anglo-russo, che porterà alla Triplice intesa.
92%
Anno 1907
84%
Nessun quiz corrispondente trovato
Distribuzione punteggi
Percentuale di utenti per punteggio
Percentile per numero di risposta
I tuoi punteggi nel tempo
Non hai fatto questo quiz dall'ultimo reset